<?xml version='1.0' encoding='UTF-8'?>
  <record xmlns="http://www.loc.gov/MARC21/slim">
    <leader>00000cam a2200000 i 4500</leader>
    <controlfield tag="001">on1535710846</controlfield>
    <controlfield tag="003">OCoLC</controlfield>
    <controlfield tag="005">20251121042224.4</controlfield>
    <controlfield tag="008">250910s1476    sz            000 0 lat d</controlfield>
    <datafield tag="040" ind1=" " ind2=" ">
      <subfield code="a">QGJ</subfield>
      <subfield code="b">eng</subfield>
      <subfield code="e">rda</subfield>
      <subfield code="e">dcrmr</subfield>
      <subfield code="c">QGJ</subfield>
      <subfield code="d">QGJ</subfield>
      <subfield code="d">OCLCO</subfield>
      <subfield code="d">QGJ</subfield>
    </datafield>
    <datafield tag="035" ind1=" " ind2=" ">
      <subfield code="a">(OCoLC)1535710846</subfield>
    </datafield>
    <datafield tag="100" ind1="0" ind2=" ">
      <subfield code="a">Gratian,</subfield>
      <subfield code="d">active 12th century,</subfield>
      <subfield code="e">author.</subfield>
      <subfield code="4">aut</subfield>
    </datafield>
    <datafield tag="240" ind1="1" ind2="0">
      <subfield code="a">Decretum</subfield>
    </datafield>
    <datafield tag="245" ind1="1" ind2="0">
      <subfield code="a">Gratiani decretu[m] vna cum apparatu bartho. Brixien[sis]</subfield>
    </datafield>
    <datafield tag="246" ind1="1" ind2=" ">
      <subfield code="i">Title from incipit:</subfield>
      <subfield code="a">[con]cordia discorda[n]tiu[m] canonum. ac p[ri]mum de iure nature et humane constitutionis Rubrica.</subfield>
    </datafield>
    <datafield tag="264" ind1=" " ind2="1">
      <subfield code="a">Basilea :</subfield>
      <subfield code="b">p[er] ingeniosum Berhardu[m] Richel,</subfield>
      <subfield code="c">Anno dominice incarnationis  Millesimoquadringe[n]tesimoseptuagesimosexto decima die Junij [10 June 1476]</subfield>
    </datafield>
    <datafield tag="300" ind1=" " ind2=" ">
      <subfield code="a">[413] leaves ;</subfield>
      <subfield code="c">48 cm (folio)</subfield>
    </datafield>
    <datafield tag="336" ind1=" " ind2=" ">
      <subfield code="a">text</subfield>
      <subfield code="b">txt</subfield>
      <subfield code="2">rdacontent</subfield>
    </datafield>
    <datafield tag="337" ind1=" " ind2=" ">
      <subfield code="a">unmediated</subfield>
      <subfield code="b">n</subfield>
      <subfield code="2">rdamedia</subfield>
    </datafield>
    <datafield tag="338" ind1=" " ind2=" ">
      <subfield code="a">volume</subfield>
      <subfield code="b">nc</subfield>
      <subfield code="2">rdacarrier</subfield>
    </datafield>
    <datafield tag="340" ind1=" " ind2=" ">
      <subfield code="m">folio</subfield>
      <subfield code="2">rdabf</subfield>
    </datafield>
    <datafield tag="340" ind1=" " ind2=" ">
      <subfield code="k">2 columns</subfield>
    </datafield>
    <datafield tag="500" ind1=" " ind2=" ">
      <subfield code="a">Title, statement of responsibility, and publication statement from colophon (leaf [412] recto), which reads: Anno dominice incarnationis Millesimo­quadringe[n]tesimoseptuagesimo­sexto decima die Junij Sanctissimo in christo p[at]re ac d[omi]no. d[omi]no Sixto p[a]p[a] quarto pontifice maximo. Illustrissimo dom[us] austrie duce friderico ro[ma]no[rum] rege gloriosissimo sancte catholice ecclesie gubernacula tene[n]tib[us]. Nobili iohanne de Venigen in egregia vrbe basilea aeris te[m]perie ac fructuu[m] redu[n]dantia iocu[n]dissima Artis impressorie studioru[m]q[ue] gimnassijs haut paru[m] om[n]ipotentis gratuito munere sublimata ep[iscop]atum gerente. Gratiani decretu[m] vna cu[m] apparatu bartho. Brixien[sis]. in suis distinctionib[us] causis &amp; [con]sectionibus bene visum et correctu[m] ad laudem om[n]potentis dei p[er] ingeniosum Bernhardu[m] Richel ciue[m] In p[re]fata vrbe basilea laudibus et honore dignissima feliciter finit.</subfield>
    </datafield>
    <datafield tag="500" ind1=" " ind2=" ">
      <subfield code="a">With the commentary of Bartolomeo da Brescia and Johannes Teutonicus.</subfield>
    </datafield>
    <datafield tag="500" ind1=" " ind2=" ">
      <subfield code="a">Incipit main text (leaf [1] recto): Incipit [con]cordia discorda[n]tiu[m] canonum. ac p[ri]mum de iure nature et humane constitutionis Rubrica.</subfield>
    </datafield>
    <datafield tag="500" ind1=" " ind2=" ">
      <subfield code="a">Incipit, colophon, printer's device, initials, titles of paragraphs, initials, signs marking beginning of sentences, and numbering of distinctiones and causae at head of pages, printed in red.</subfield>
    </datafield>
    <datafield tag="500" ind1=" " ind2=" ">
      <subfield code="a">Main text printed in two columns.</subfield>
    </datafield>
    <datafield tag="500" ind1=" " ind2=" ">
      <subfield code="a">Main text surrounded by commentary.</subfield>
    </datafield>
    <datafield tag="500" ind1=" " ind2=" ">
      <subfield code="a">Signatures: [a⁸ b-d¹⁰ e⁸ f-g¹⁰ h-i⁶ k-l⁸ m⁶ n-o¹⁰ p-q⁸ r-s⁶ t⁸ v¹⁰ x⁸ y⁷ z¹⁰ A¹⁰ B-C⁸ D-E¹⁰ F⁸ G⁹ H-I¹⁰ K¹¹ L-M¹⁰ N⁸ O⁶ P⁸ Q⁶ R-X¹⁰ Y-Z⁸ aa-bb⁸]; [bb]7v and [bb]8 are blank.</subfield>
    </datafield>
    <datafield tag="510" ind1="4" ind2=" ">
      <subfield code="a">Incunabula Short Title Catalogue,</subfield>
      <subfield code="c">ig00365000</subfield>
      <subfield code="u">https://data.cerl.org/istc/ig00365000</subfield>
    </datafield>
    <datafield tag="510" ind1="4" ind2=" ">
      <subfield code="a">Gesamtkatalog der Wiegendrucke,</subfield>
      <subfield code="c">11356</subfield>
      <subfield code="u">https://www.gesamtkatalogderwiegendrucke.de/docs/GW11356.htm</subfield>
    </datafield>
    <datafield tag="510" ind1="4" ind2=" ">
      <subfield code="a">Incunabula in Dutch Libraries,</subfield>
      <subfield code="c">2035</subfield>
    </datafield>
    <datafield tag="510" ind1="4" ind2=" ">
      <subfield code="a">Bayerische Staatsbibliothek Inkunabelkatalog,</subfield>
      <subfield code="c">G-257</subfield>
      <subfield code="u">https://inkunabeln.digitale-sammlungen.de/Ausgabe_G-257.html</subfield>
    </datafield>
    <datafield tag="510" ind1="4" ind2=" ">
      <subfield code="a">Typenrepertorium der Wiegendrucke,</subfield>
      <subfield code="c">ma00996</subfield>
      <subfield code="u">https://tw.staatsbibliothek-berlin.de/ma00996</subfield>
    </datafield>
    <datafield tag="510" ind1="4" ind2=" ">
      <subfield code="a">Typenrepertorium der Wiegendrucke,</subfield>
      <subfield code="c">ma00997</subfield>
      <subfield code="u">https://tw.staatsbibliothek-berlin.de/ma00997</subfield>
    </datafield>
    <datafield tag="546" ind1=" " ind2=" ">
      <subfield code="b">Typeface: 2:94G, 3:120G</subfield>
    </datafield>
    <datafield tag="650" ind1=" " ind2="0">
      <subfield code="a">Canon law</subfield>
      <subfield code="v">Early works to 1800.</subfield>
    </datafield>
    <datafield tag="650" ind1=" " ind2="6">
      <subfield code="a">Droit canonique</subfield>
      <subfield code="v">Ouvrages avant 1800.</subfield>
    </datafield>
    <datafield tag="650" ind1=" " ind2="7">
      <subfield code="a">Canon law</subfield>
      <subfield code="2">fast</subfield>
    </datafield>
    <datafield tag="655" ind1=" " ind2="7">
      <subfield code="a">incunabula (books)</subfield>
      <subfield code="2">aat</subfield>
    </datafield>
    <datafield tag="655" ind1=" " ind2="7">
      <subfield code="a">Early works</subfield>
      <subfield code="2">fast</subfield>
    </datafield>
    <datafield tag="655" ind1=" " ind2="7">
      <subfield code="a">Incunabula.</subfield>
      <subfield code="2">lcgft</subfield>
    </datafield>
    <datafield tag="655" ind1=" " ind2="7">
      <subfield code="a">Incunables.</subfield>
      <subfield code="2">rvmgf</subfield>
    </datafield>
    <datafield tag="700" ind1="0" ind2=" ">
      <subfield code="a">Bartolomeo,</subfield>
      <subfield code="c">da Brescia,</subfield>
      <subfield code="d">-1258,</subfield>
      <subfield code="e">commentator for written text.</subfield>
      <subfield code="4">cwt</subfield>
      <subfield code="1">https://id.oclc.org/worldcat/entity/E39PBJkT8MpGd4yjxfrbM9FxjC</subfield>
    </datafield>
    <datafield tag="700" ind1="0" ind2=" ">
      <subfield code="a">Joannes,</subfield>
      <subfield code="c">Teutonicus,</subfield>
      <subfield code="d">-1245?</subfield>
      <subfield code="e">commentator for written text.</subfield>
      <subfield code="4">cwt</subfield>
      <subfield code="1">https://id.oclc.org/worldcat/entity/E39PBJr3ycRxpctcm4jTddtFrq</subfield>
    </datafield>
    <datafield tag="700" ind1="1" ind2=" ">
      <subfield code="a">Richel, Bernhard,</subfield>
      <subfield code="d">-1482,</subfield>
      <subfield code="e">printer.</subfield>
      <subfield code="4">prt</subfield>
      <subfield code="1">https://id.oclc.org/worldcat/entity/E39PBJktkJKKW6Jm8VCdfJpMfq</subfield>
    </datafield>
    <datafield tag="752" ind1=" " ind2=" ">
      <subfield code="a">Switzerland</subfield>
      <subfield code="d">Basel,</subfield>
      <subfield code="e">publication place.</subfield>
      <subfield code="4">pup</subfield>
    </datafield>
  </record>